Riesgo de la pobreza, empleo y desigualdad /
Shranjeno v:
| Glavni avtor: | |
|---|---|
| Format: | Texto |
| Oznake: |
Označite
Brez oznak, prvi označite!
|
MARC
| LEADER | 00000 a a2200000 04500 | ||
|---|---|---|---|
| 001 | 47730 | ||
| 003 | |||
| 040 | |||
| 100 | |a Pérez, Juan Pablo | ||
| 245 | |a Riesgo de la pobreza, empleo y desigualdad / |c Juan Pablo Pérez | ||
| 773 | |g páginas 129-132 | ||
| 999 | |c 26074 |d 26074 | ||
